Normal view
MARC view
- Calishain , Tara Dornfest , Rael
Entry Personal Name
001 - CONTROL NUMBER
- control field: 61712
003 - CONTROL NUMBER IDENTIFIER
- control field: NUST
005 - DATE AND TIME OF LATEST TRANSACTION
- control field: 20210628202813.0
008 - FIXED-LENGTH DATA ELEMENTS
- fixed length control field: 210628|| aca||aabn | a|a d
040 ## - CATALOGING SOURCE
- Original cataloging agency: NUST
- Transcribing agency: NUST
100 ## - HEADING--PERSONAL NAME
- Personal name: Calishain , Tara Dornfest , Rael
670 ## - SOURCE DATA FOUND
- Source citation: Work cat.: (NUST): Calishain , Tara Dornfest , Rael, Google hacks 100 industrial strength tips and tools, 2003
